Doctor Who Episodes with Cybermen - Sudden Death - Statistics

General Stats
  • This quiz has been taken 29 times
  • The average score is 10 of 16
Answers on the Grid
Answers color-coded by a green-red scale on the quiz's grid according to % correct below.
Dalek
The Age of Steel
Doomsday
The Next Doctor
The Pandorica Opens
A Good Man Goes to War
Closing Time
Nightmare in Silver
The Day of the Doctor
The Time of the Doctor
Dark Water
Face the Raven
Hell Bent
Army of Ghosts
The Big Bang
Death in Heaven
The Unquiet Dead
The Impossible Planet
The Waters of Mars
Flesh and Stone
The Doctor’s Wife
Day of the Moon
The Girl Who Died
The Magician’s Apprentice
The Name of the Doctor
The Crimson Horror
Silence in the Library
Before the Flood
The Family of Blood
The Christmas Invasion
 
Answer Stats
Answer % Correct
Army of Ghosts
88%
The Age of Steel
88%
The Pandorica Opens
88%
Doomsday
76%
Nightmare in Silver
71%
The Big Bang
71%
The Next Doctor
71%
The Time of the Doctor
71%
A Good Man Goes to War
65%
Closing Time
65%
Dark Water
65%
Death in Heaven
59%
The Day of the Doctor
41%
Dalek
35%
Face the Raven
35%
Hell Bent
35%
No matching quizzes found
Score Distribution
Percent of People with Each Score
Percentile by Number Answered
Your Score History
You have not taken this quiz